Methods for the economic evaluation of health care programmes (Registro nro. 51829)
[ vista simple ]
| 000 -ENCABEZADO | |
|---|---|
| Número de control [NR] | 01207nam a2200325Ia 4500 |
| 005 - FECHA Y HORA DE LA ÚLTIMA TRANSACCIÓN | |
| control field | 20180622113011.0 |
| 008 - DE LONGITUD FIJA DE DATOS DE ELEMENTOS - INFORMACIÓN GENERAL | |
| Elementos de longitud fija [NR] | 130821s2005 enkad fr 1 eng |
| 020 ## - NUMERO INTERNACIONAL NORMALIZADO PARA LIBROS [R] | |
| Número Internacional Normalizado del libro [NR] | 0198529457 (3a. Ed.) |
| 020 ## - NUMERO INTERNACIONAL NORMALIZADO PARA LIBROS [R] | |
| Número Internacional Normalizado del libro [NR] | 0192627732 (2a. Ed.) |
| 040 ## - FUENTE DE CATALOGACION [NR] | |
| Agencia de catalogación original [NR] | Co-BoUCM |
| Idioma de catalogación [NR] | spa |
| Quien Cataloga | [Nuevo] |
| Quien Clasifica | [Nuevo] |
| 041 00 - CODIGO DE IDIOMA [R] | |
| Código de idioma para texto/pista de sonido o título separado [R] | Inglés |
| 245 00 - MENCION DE TITULO [NR] | |
| Título [NR] | Methods for the economic evaluation of health care programmes |
| Mención de responsabilidad, etc. [NR] | Michael F. Drummond...[y otros.] |
| 250 ## - MENCION DE EDICION [NR] | |
| Mención de edición [NR] | 3rd Ed |
| 260 ## - PUBLICACION, DISTRIBUCION, ETC. (PIE DE IMPRENTA) [R] | |
| Lugar de publicación, distribución, etc. [R] | Oxford (Oxfordshire, Inglaterra) |
| Nombre del editor, distribuidor, etc. [R] | Oxford University press |
| Fecha de publicación, distribución, etc. [R] | 2005 |
| 300 ## - DESCRIPCION FISICA [R] | |
| Extensión [R] | xv, 379 páginas |
| Otros detalles físicos [NR] | ilustraciones, cuadros, gráficas |
| 490 ## - MENCION DE SERIE [R] | |
| Mención de serie [R] | Oxford medical publications |
| 504 ## - NOTA DE BIBLIOGRAFIA, ETC. [R] | |
| Nota de bibliografía, etc. [NR] | Incluye referencias bibliográficas e índices |
| 650 07 - ASIENTO SECUNDARIO DE MATERIA - TERMINO TEMATICO [R] | |
| Término temático o nombre geográfico como elemento de entrada [NR] | Análisis de costos |
| 9 (RLIN) | 8951 |
| 650 07 - ASIENTO SECUNDARIO DE MATERIA - TERMINO TEMATICO [R] | |
| Término temático o nombre geográfico como elemento de entrada [NR] | Atención médica |
| Subdivisión de forma [R] | Evaluación de costos |
| 9 (RLIN) | 9710 |
| 650 07 - ASIENTO SECUNDARIO DE MATERIA - TERMINO TEMATICO [R] | |
| Término temático o nombre geográfico como elemento de entrada [NR] | Atención médica |
| Subdivisión general [R] | Costos |
| 9 (RLIN) | 34961 |
| 650 07 - ASIENTO SECUNDARIO DE MATERIA - TERMINO TEMATICO [R] | |
| Término temático o nombre geográfico como elemento de entrada [NR] | Economía |
| 9 (RLIN) | 174 |
| 690 ## - ASUNTO AGREGADO LOCAL DE ENTRADA - TÉRMINO TEMÁTICO (OCLC, RLIN) | |
| Acceso temático local | Economía |
| 9 (RLIN) | 174 |
| 700 ## - ASIENTO SECUNDARIO - NOMBRE PERSONAL [R] | |
| Nombre personal [NR] | Drummond, Michael F |
| 9 (RLIN) | 58867 |
| 700 ## - ASIENTO SECUNDARIO - NOMBRE PERSONAL [R] | |
| Nombre personal [NR] | Sculpher, Mark J. |
| 9 (RLIN) | 58868 |
| 700 ## - ASIENTO SECUNDARIO - NOMBRE PERSONAL [R] | |
| Nombre personal [NR] | Torrance, George W. |
| 9 (RLIN) | 58869 |
| 700 ## - ASIENTO SECUNDARIO - NOMBRE PERSONAL [R] | |
| Nombre personal [NR] | O´Brien, Bernie J. |
| 9 (RLIN) | 58870 |
| 700 ## - ASIENTO SECUNDARIO - NOMBRE PERSONAL [R] | |
| Nombre personal [NR] | Stoddart, Greg L. |
| 9 (RLIN) | 58871 |
| 942 ## - ELEMENTOS DE ENTRADA AGREGADOS (KOHA) | |
| Tema principal | Economía |
| Edición | 3 |
| Parte restante de la signatura top. | M592 |
| Tipo de ítem principal el descrito en 300a | Libro de reserva |
| Sistema de clasificación | DEWEY |
| Clasificación | 338.43362 |
| Título oculto en OPAC | No |
| Fecha de último préstamo | Total préstamos | Signatura topográfica | Código de barras | Última vez visto | Volúmen / Fascículo | Ejemplar | Price effective from | Tipo de ítem | Perdido | Sistema de clasificación | Dañado | No prestable | Tipo de ítem específico | Suprimido | Ubicación habitual | Ubicación actual | Localización | Fecha de creación | Forma de adquisición | Costo | Total Renewals | Prestado | Costo de reposición | Proveedor |
|---|---|---|---|---|---|---|---|---|---|---|---|---|---|---|---|---|---|---|---|---|---|---|---|---|
| 10/02/2015 | 16 | 338.43362 M592 | 100061193 | 04/12/2025 | 2a.Ed. | Ej.1 | 03/02/2013 | Libro | DEWEY | Libro | Claustro | Claustro | Mezanine | 28/02/2003 | Compra | 138720.00 | ||||||||
| 12/08/2016 | 8 | 338.43362 M592 | 200011236 | 04/12/2025 | 2a. Ed. | Ej.2 | 03/02/2013 | Libro | DEWEY | Libro | Claustro | Claustro | Mezanine | 28/02/2005 | Compra | 150650.00 | 2 | |||||||
| 03/09/2025 | 3 | 338.43362 M592 | 100082517 | 03/09/2025 | 3a.Ed. | Ej.1 | 03/02/2013 | Libro | DEWEY | Libro | Claustro | Claustro | Mezanine | 30/09/2007 | Compra | 45.65 | 1 | 18/09/2025 | ||||||
| 03/08/2018 | 3 | 338.43362 M592 | 100140830 | 04/12/2025 | 3a.Ed. | Ej.3 | 19/03/2014 | Libro | DEWEY | Libro | Claustro | Claustro | Mezanine | 19/03/2014 | Compra | 119500.00 | 5 | 119500.00 | 15 | |||||
| 19/03/2015 | 1 | 338.43362 M592 | 100140832 | 04/12/2025 | 3a.Ed. | Ej.5 | 19/03/2014 | Libro | DEWEY | Libro | Claustro | Claustro | Mezanine | 19/03/2014 | Compra | 119500.00 | 2 | 119500.00 | 15 | |||||
| 338.43362 M592 | 100140831 | 04/12/2025 | 3a.Ed. | Ej.4 | 19/03/2014 | Libro | DEWEY | Libro | Claustro | Claustro | Mezanine | 19/03/2014 | Compra | 119500.00 | 119500.00 | 15 | ||||||||
| 13/05/2017 | 3 | 338.43362 M592 | 100140833 | 04/12/2025 | 3a.Ed. | Ej.6 | 19/03/2014 | Libro | DEWEY | Libro | Claustro | Claustro | Mezanine | 19/03/2014 | Compra | 119500.00 | 2 | 119500.00 | 15 |